Szczegóły MARC21

Hitman : nowe wyznania ekonomisty od brudnej roboty : 15 nowych, sensacyjnych rozdziałów /

003 -Nazwa inst., której nr kontr. jest w polu 001 [,]
    • @
    • Nazwa instytucji, której n kontrolny jest w polu 001
    • NUKAT
005 -DATA I CZAS OSTATNIEJ MODYFIKACJI [,]
    • @
    • pole kontrolne
    • 20241231093502.0
020 -Międzynarod. znormalizowany nr książki - ISBN [ , ]
    • a
    • Numer ISBN
    • 9788367107938 Find
040 -Instytucja sporządzająca opis [ , ]
    • a
    • Instytucja, która sporządziła opis (NP)
    • KAT U/DB
    • b
    • Język katalogowania
    • pol
    • e
    • Zasady katalogowania
    • rda
    • c
    • Instytucja, która sporządziła rekord (NP)
    • KAT U/DBs
    • d
    • Instytucja, która zmodyfikowała rekord (P)
    • KAT U/DB
041 -Język dokumentu [1, ]
    • a
    • Język tekstu (P)
    • polski
    • h
    • Język tekstu oryginalnego i/lub pośredniego (P)
    • angielski
942 -Rodzaj dokumentu [ , ]
    • c
    • Rodzaj dokumentu
    • Książka
100 -Hasło główne - nazwa osobowa [1, ]
    • a
    • Nazwa osobowa (NP)
    • Perkins, John
    • d
    • Daty biograficzne (NP)
    • (1945- ).
    • e
    • Rodzaj współpracy
    • Autor
    • 9
    • KHW
    • 84561
240 -Tytuł ujednolicony [1,0]
    • a
    • Tytuł ujednolicony
    • Confessions of an economic hit man
    • l
    • Język tekstu
    • (pol.)
    • 9
    • KHW
    • 694340
245 -Strefa tytułu i oznaczenia odpowiedzialności [1,0]
    • a
    • Tytuł
    • Hitman : Find
    • b
    • Ciąg dalszy tytułu (NP)
    • nowe wyznania ekonomisty od brudnej roboty : 15 nowych, sensacyjnych rozdziałów / Find
    • c
    • Pozostałe elementy strefy tytułu i oznaczenia odpowiedzialności (NP)
    • John Perkins ; przekład Krzysztof Krzyżanowski.
246 -Wariant tytułu [3,1]
    • a
    • Tytuł (NP)
    • Hit man :
    • b
    • Ciąg dalszy tytułu (NP)
    • nowe wyznania ekonomisty od brudnej roboty
250 -Strefa wydania [ , ]
    • a
    • Oznaczenie wydania (NP)
    • Wydanie drugie poprawione i uzupełnione.
260 -Strefa adresu wydawniczego [ , ]
    • a
    • Miejsce wydania (P)
    • Warszawa :
    • b
    • Nazwa wydawcy (P)
    • Wydawnictwo Studio Emka,
    • c
    • Data wydania (P)
    • 2023.
300 -Strefa opisu fizycznego [ , ]
    • a
    • Określenie formy książki i/lub objętość (NP)
    • 423 strony ;
    • c
    • Format (NP)
    • 23 cm.
336 -Typ zawartości [ , ]
    • a
    • Termin opisujący typ zawartości
    • Tekst
    • b
    • Kod określający zawartość
    • txt
    • 2
    • Źródło (terminu i kodu)
    • rdacontent
337 -Typ mediów [ , ]
    • a
    • Tryb odtwarzania
    • Bez urządzenia pośredniczącego
    • b
    • Kod typu mediów
    • n
    • 2
    • Źródło (terminu i kodu)
    • rdamedia
338 -Typ/rodzaj nośnika [ , ]
    • a
    • Hasło opisujące typ nośnika
    • Wolumin
    • b
    • Kod typu nośnika
    • nc
    • 2
    • Źródło (terminu i kodu)
    • rdacarrier
500 -Uwaga ogólna [ , ]
    • a
    • Uwaga ogólna (NP)
    • U góry okł.: Bestseller "New York Timesa" - uaktualniony i poszerzony.
600 -Hasło przedmiotowe w formie nazwy osobowej [1,7]
    • a
    • Nazwa osobowa
    • Perkins, John
    • d
    • Daty związane z nazwą
    • (1945- ).
    • 2
    • Źródło terminu
    • kaba
    • 9
    • KHW
    • 84561
650 -Hasło przedmiotowe [ ,7]
    • a
    • Hasło przedmiotowe
    • Spółki
    • x
    • Określnik rzeczowy
    • praktyki nielojalne
    • z
    • Określnik geograficzny
    • Stany Zjednoczone.
    • 2
    • Źródło terminu
    • kaba
    • 9
    • KHW
    • 694446
650 -Hasło przedmiotowe [ ,7]
    • a
    • Hasło przedmiotowe
    • Zależność (nauki polityczne).
    • 2
    • Źródło terminu
    • kaba
    • 9
    • KHW
    • 137370
651 -Hasło przedmiotowe w formie nazwy geograficznej [ ,7]
    • a
    • Nazwa geograficzna
    • Kraje rozwijające się
    • x
    • Określnik rzeczowy
    • zależność od Stanów Zjednoczonych.
    • 2
    • Źródło terminu
    • kaba
    • 9
    • KHW
    • 694447
700 -Hasło dodatkowe - nazwa osobowa [1, ]
    • a
    • Nazwa osobowa (NP)
    • Krzyżanowski, Krzysztof Find
    • c
    • Dopowiedzenie inne niż daty biograficzne (NP)
    • (tłumacz).
    • e
    • Określenie rodzaju współpracy
    • Tłumaczenie
    • 9
    • KHW
    • 90157
710 -Hasło dodatkowe - nazwa ciała zbiorowego [2, ]
    • a
    • Nazwa ciała zbiorowego lub nazwa geograficzna jako pierwszy element (NP)
    • Studio Emka.
    • e
    • Rodzaj współpracy
    • Wydawca
    • 4
    • Kod relacji
    • pbl
    • 9
    • KHW
    • 53455
920 -ISBN [ , ]
    • a
    • ISBN
    • 978-83-67107-93-8 Find
Numer inwentarzowy Status udost. Lokalizacja Data inwentaryzacji
E.81288-2BE2023-12-01